书目信息 |
| 题名: |
历史教学与学业评价
|
|
| 作者: | 黄牧航 主编 | |
| 分册: | ||
| 出版信息: | 广州 广东教育出版社 2005 |
|
| 页数: | 247页 | |
| 开本: | 23cm | |
| 丛书名: | 高中新课程教师丛书 | |
| 单 册: | ||
| 中图分类: | G633.512 | |
| 科图分类: | ||
| 主题词: | 历史课 , 教学研究 , 历史课--教学研究--高中 | |
| 电子资源: | ||
| ISBN: | 7-5406-6141-0 | |
| 000 | 00990oam2 2200277 450 | |
| 001 | 003035253 | |
| 005 | 20061030093342.21 | |
| 010 | @a7-5406-6141-0@dCNY25.00 | |
| 100 | @a20050416d2005 em y0chiy0110 ea | |
| 101 | 0 | @achi |
| 102 | @aCN@b440000 | |
| 105 | @aa z 000yy | |
| 200 | 1 | @a历史教学与学业评价@9li shi jiao xue yu xue ye ping jia@f黄牧航主编 |
| 210 | @a广州@c广东教育出版社@d2005 | |
| 215 | @a247页@c图@d23cm | |
| 225 | 2 | @a高中新课程教师丛书@f高凌飚,陈冀平主编@h第2辑 |
| 330 | @a本书内容分为两部分,第一部分主要论述高中历史新课程的课程理论和教学方法;第二部分主要论述新课程的评价理论和方法。 | |
| 410 | 0 | @12001 @a高中新课程教师丛书@1701 0@a高凌飚@Agao ling biao@4主编@1701 0@a陈冀平@Achen ji ping@4主编 |
| 461 | 0 | @12001 @a高中新课程教师丛书 |
| 606 | 0 | @a历史课 |
| 606 | 0 | @a教学研究 |
| 606 | 0 | @a历史课@x教学研究@x高中 |
| 690 | @aG633.512@v3 | |
| 701 | 0 | @a黄牧航@9huang mu hang@f(1970~)@4主编 |
| 801 | 0 | @aCN@bNLC@c20061030 |
| 905 | @a10447@dG633.512@e244 | |
| 历史教学与学业评价/黄牧航主编.-广州:广东教育出版社,2005 |
| 247页:图;23cm.-(高中新课程教师丛书/高凌飚,陈冀平主编.第2辑) |
| ISBN 7-5406-6141-0:CNY25.00 |
| 本书内容分为两部分,第一部分主要论述高中历史新课程的课程理论和教学方法;第二部分主要论述新课程的评价理论和方法。 |
| ● |
| 相关链接 |
|
|
|
|
正题名:历史教学与学业评价
索取号:G633.512/244
 
预约/预借
| 序号 | 登录号 | 条形码 | 馆藏地/架位号 | 状态 | 备注 |
| 1 | 0388666 | 203886660 | 第一样本阅览室/ [索取号:G633.512/244] | 在馆 | |
| 2 | 0388667 | 203886679 | 第四借阅区/ [索取号:G633.512/244] | 在馆 | |
| 3 | 0388668 | 203886688 | 第四借阅区/ [索取号:G633.512/244] | 在馆 | |
| 4 | 0388669 | 203886697 | 第四借阅区/ [索取号:G633.512/244] | 在馆 | |
| 5 | 0388670 | 203886704 | 第四借阅区/ [索取号:G633.512/244] | 在馆 | |
| 6 | 0388671 | 203886713 | 第四借阅区/ [索取号:G633.512/244] | 在馆 |